Swedish Music Wonder - Who is the artist? - Statistics

General Stats
  • This quiz has been taken 27 times
  • The average score is 10 of 15
Answer Stats
Hint Answer % Correct
Waterloo (1974) Abba
100%
The Final Countdown (1986) Europe
84%
Euphoria (2012) Loreen
84%
Hooked on a feeling (1973) Blue Swede
76%
Lush life (2015) Zara Larsson
76%
Levels (2011) Avicii
72%
Cotton Eye Joe (1994) Rednex
64%
Dancing on my own (2010) Robyn
64%
Don't you worry child (2012) Swedish House Mafia
64%
Lovefool (1996) the Cardigans
64%
All that she wants (1992) Ace of Base
60%
It must have been love (1987) Roxette
56%
I love it (2012) Icona Pop
44%
Habits (Stay high) (2013) Tove Lo
36%
Buffalo Stance (1988) Neneh Cherry
20%
No matching quizzes found
Score Distribution
Percent of People with Each Score
Percentile by Number Answered
Your Score History
You have not taken this quiz